| 000 | 00522nam a22001697a 4500 | ||
|---|---|---|---|
| 003 | PILC | ||
| 005 | 20160309174053.0 | ||
| 008 | 160309b xxu||||| |||| 00| 0 eng d | ||
| 020 | _a9781466585188 | ||
| 050 |
_aTD 899 _b.P593 2014 |
||
| 100 | _aPichtel, John. | ||
| 245 |
_aWaste management practices : _bmunicipal, hazardous, and industrial / _cJohn Pichtel. |
||
| 260 |
_aNY : _bCRC Press, _c2014. |
||
| 300 |
_axxxvii, 644 pages : _billustrations ; _c26 cm. |
||
| 500 | _aIncludes glossary and index. | ||
| 942 |
_2lcc _cBK |
||
| 999 |
_c291521 _d291521 |
||